[Event "XXVIII Torneo B di Capodanno"]
[Site "Reggio nell'Emilia ITA"]
[Date "1986.01.05"]
[Round "10"]
[White "Belotti, Bruno"]
[Black "Messa, Roberto"]
[Result "0-1"]
[WhiteElo "2355"]
[BlackElo "2385"]
[PlyCount "52"]
[EventDate "1985.12.27"]

1. e4 e6 2. d4 d5 3. e5 c5 4. Nf3 Nc6 5. Bd3 Nge7 6. O-O Nf5 7. dxc5 Bxc5 8.
Nbd2 O-O 9. Nb3 Bb6 10. Bg5 f6 11. exf6 gxf6 12. Bxf5 fxg5 13. Bg4 e5 14. Bxc8
Rxc8 15. c3 Rc7 16. Rc1 Rcf7 17. Rc2 g4 18. Ne1 h5 19. g3 e4 20. Nd4 Qf6 21.
Nxc6 bxc6 22. Qe2 Qg6 23. Qd1 h4 24. Re2 hxg3 25. hxg3 Qd6 26. Kg2 Qh6 0-1

[Event "XXVIII Torneo B di Capodanno"]
[Site "Reggio nell'Emilia ITA"]
[Date "1986.01.05"]
[Round "10"]
[White "Costa, Jean-Luc"]
[Black "Mantovani, Renzo"]
[Result "0-1"]
[WhiteElo "2275"]
[BlackElo "2300"]
[PlyCount "150"]
[EventDate "1985.12.27"]

1. d4 Nf6 2. c4 e6 3. Nf3 b6 4. a3 Bb7 5. Nc3 d5 6. cxd5 exd5 7. Bg5 Nbd7 8. e3
h6 9. Bh4 Be7 10. Bb5 O-O 11. O-O c6 12. Ba4 Ne4 13. Bg3 Nxg3 14. hxg3 Bd6 15.
Rc1 Re8 16. Ne1 Rc8 17. Nd3 Nf6 18. Nf4 Bf8 19. Qe2 Ne4 20. Rc2 Nd6 21. Rfc1 a5
22. Bb3 b5 23. a4 b4 24. Nb1 Qb6 25. Nd2 g6 26. Qg4 Bg7 27. Nf3 Ba6 28. Ne5 h5
29. Qd7 Red8 30. Qe7 Bf8 31. Nd7 Qb7 32. Nf6+ Kh8 33. Qe5 Bg7 34. N4xh5 Re8 35.
Qg5 Re6 36. Nxg7 Kxg7 37. Nh5+ Kg8 38. Nf4 Ne4 39. Qg4 Ree8 40. Qd1 Kg7 41. Nd3
Bxd3 42. Qxd3 Nd6 43. Rc5 Qb6 44. Qc2 Qa7 45. Qd3 Qb7 46. Rxa5 Ne4 47. Bd1 Qc7
48. Ra6 Nxg3 49. Raxc6 Rh8 50. fxg3 Qxg3 51. Be2 Rh2 52. Bf3 Qh4 53. Kf1 Rh1+
54. Ke2 Rxc1 55. Rxc1 Rxc1 56. Qd2 Qh1 57. Kd3 b3 58. Qe2 Rc2 59. Qd1 Qh2 60.
Bxd5 Rxb2 61. Kc3 Rf2 62. Kxb3 Qb8+ 63. Kc4 Qb2 64. Qb3 Qc1+ 65. Kd3 Qd2+ 66.
Ke4 Rf5 67. Qa2 Qd1 68. a5 Qf1 69. Bc4 Qe1 70. a6 Rf2 71. Qa3 Qb1+ 72. Bd3 Qh1
73. Qe7 Rf5 74. Bc4 Qb1+ 75. Bd3 Qa2 0-1

[Event "XXVIII Torneo B di Capodanno"]
[Site "Reggio nell'Emilia ITA"]
[Date "1986.01.05"]
[Round "10"]
[White "Martorelli, Antonio"]
[Black "Maier, Christian"]
[Result "0-1"]
[WhiteElo "2315"]
[BlackElo "2295"]
[PlyCount "82"]
[EventDate "1985.12.27"]

1. e4 e6 2. d4 d5 3. Nc3 Bb4 4. e5 Ne7 5. Bd2 b6 6. a4 c6 7. Ne4 Bxd2+ 8. Nxd2
a5 9. Nh3 Ba6 10. Bxa6 Rxa6 11. O-O Nf5 12. Nf3 Ra7 13. Ra3 h5 14. Qd2 Nd7 15.
Re1 Qe7 16. Rb3 Rc7 17. Nfg5 c5 18. Rf3 g6 19. c4 cxd4 20. cxd5 Rc5 21. d6 Qf8
22. Rb3 Qh6 23. f4 O-O 24. Rc1 Rfc8 25. Rxc5 Rxc5 26. Ne4 Rc6 27. Nhg5 Qf8 28.
h3 Qc8 29. Nf3 Rc4 30. Qd3 h4 31. Nfd2 Rxa4 32. Ra3 Rb4 33. Rb3 Qc1+ 34. Qf1
Qxf1+ 35. Kxf1 Rxb3 36. Nxb3 f6 37. Ke2 fxe5 38. fxe5 Nxe5 39. Nf6+ Kf7 40. d7
Ke7 41. Nd2 Nxd7 0-1

[Event "XXVIII Torneo B di Capodanno"]
[Site "Reggio nell'Emilia ITA"]
[Date "1986.01.05"]
[Round "10"]
[White "Popovych, Orest"]
[Black "Bukal, Vladimir sr"]
[Result "0-1"]
[WhiteElo "2325"]
[BlackElo "2455"]
[PlyCount "112"]
[EventDate "1985.12.27"]

1. e4 e6 2. d4 d5 3. Nd2 Nf6 4. Bd3 c5 5. e5 Nfd7 6. c3 Nc6 7. Ne2 a5 8. O-O
cxd4 9. cxd4 a4 10. Nf3 Nb6 11. Bg5 Be7 12. Bxe7 Qxe7 13. Nf4 g6 14. h4 Nb4 15.
Be2 Bd7 16. a3 Nc6 17. g3 Na5 18. Rc1 Nbc4 19. Rc2 b5 20. Nh2 h5 21. Nf3 O-O-O
22. Qe1 Nb3 23. Nd3 Kb7 24. Nc1 Nxc1 25. Qxc1 Rc8 26. Rd1 Na5 27. Rc3 Nb3 28.
Qe3 Rxc3 29. Qxc3 Rc8 30. Qe3 Be8 31. Bd3 Kb6 32. Nd2 Na5 33. Nb1 b4 34. axb4
Qxb4 35. Na3 Ka7 36. Rc1 Rb8 37. Rc7+ Kb6 38. Rc2 Nb3 39. Rc3 Kb7 40. Nc2 Qb6
41. Qg5 Qd8 42. Qxd8 Rxd8 43. Kf1 Ra8 44. Ke2 Ra5 45. Ke3 Bb5 46. Ne1 Bxd3 47.
Rxd3 Rb5 48. Kf4 Na5 49. Ra3 Rb4 50. Nd3 Rxd4+ 51. Kg5 Kb6 52. Kf6 Kb5 53. Kxf7
Nc4 54. Nf4 Rxf4+ 55. gxf4 Nxa3 56. bxa3 d4 0-1

[Event "XXVIII Torneo B di Capodanno"]
[Site "Reggio nell'Emilia ITA"]
[Date "1986.01.05"]
[Round "10"]
[White "Sartori, Spartaco"]
[Black "Meyer, Claus Dieter"]
[Result "0-1"]
[WhiteElo "2330"]
[BlackElo "2335"]
[PlyCount "62"]
[EventDate "1985.12.27"]

1. d4 Nf6 2. Nf3 g6 3. Bg5 Bg7 4. Nbd2 c5 5. Bxf6 Bxf6 6. Ne4 Qb6 7. Nxf6+ Qxf6
8. c3 d6 9. e3 O-O 10. Be2 Nc6 11. O-O Rd8 12. Qb3 b6 13. Rfd1 Bb7 14. a4 Rab8
15. Qa3 Rdc8 16. Nd2 Rc7 17. Bf3 Qf5 18. Be4 Qg5 19. d5 Na5 20. f4 Qf6 21. Bf3
c4 22. Rf1 Qg7 23. Rad1 Rd8 24. Rf2 Rc5 25. Nf1 Nb3 26. e4 Ra5 27. Ne3 Nc5 28.
b3 cxb3 29. Rd4 b5 30. Qb4 Rxa4 31. Qxb5 Rxd4 0-1

[Event "XXVIII Torneo B di Capodanno"]
[Site "Reggio nell'Emilia ITA"]
[Date "1986.01.06"]
[Round "11"]
[White "De Boer, Gert-Jan"]
[Black "Sartori, Spartaco"]
[Result "1-0"]
[WhiteElo "2410"]
[BlackElo "2330"]
[PlyCount "63"]
[EventDate "1985.12.27"]

1. d4 e6 2. c4 Nf6 3. Nf3 Bb4+ 4. Bd2 Qe7 5. g3 Nc6 6. Nc3 Bxc3 7. Bxc3 Ne4 8.
Rc1 O-O 9. Bg2 d6 10. d5 Nxc3 11. Rxc3 Nd8 12. dxe6 Nxe6 13. O-O a5 14. Qc2 Bd7
15. Rd1 Rfe8 16. Re3 Qf6 17. Ne5 dxe5 18. Rxd7 Nc5 19. Rf3 Nxd7 20. Rxf6 Nxf6
21. Bxb7 Rab8 22. Bc6 Red8 23. Qc3 h5 24. Qxe5 Rd2 25. Bb5 Rb7 26. a4 c6 27.
Bxc6 Rbxb2 28. Bf3 Rb4 29. Qxa5 Rd1+ 30. Kg2 Rxc4 31. Qb5 Rdc1 32. a5 1-0

[Event "XXVIII Torneo B di Capodanno"]
[Site "Reggio nell'Emilia ITA"]
[Date "1986.01.06"]
[Round "11"]
[White "Grinza, Andrea"]
[Black "Belotti, Bruno"]
[Result "1-0"]
[WhiteElo "2295"]
[BlackElo "2355"]
[PlyCount "105"]
[EventDate "1985.12.27"]

1. d4 Nf6 2. c4 c5 3. d5 b5 4. cxb5 a6 5. bxa6 Bxa6 6. Nc3 g6 7. e4 Bxf1 8.
Kxf1 d6 9. h3 Bg7 10. Nge2 O-O 11. Kg1 Nbd7 12. Qc2 Qa5 13. Rb1 Rfb8 14. Kh2
Ne5 15. b3 c4 16. Be3 cxb3 17. axb3 Qb4 18. f3 h5 19. Rhd1 Rc8 20. Rd4 Qb7 21.
Ra4 Rxa4 22. bxa4 Qa6 23. Qd1 Nfd7 24. Bd4 Rc4 25. Rc1 Rxd4 26. Nxd4 Nd3 27.
Nde2 Nxc1 28. Qxc1 Nc5 29. Qc2 Qc4 30. a5 Nd3 31. Qa4 Be5+ 32. f4 Qc5 33. fxe5
dxe5 34. Qb5 Qe3 35. Qe8+ Kg7 36. Qxe7 Qf2 37. d6 Kh6 38. h4 f6 39. Ng3 Nf4 40.
Nf5+ gxf5 41. Qxf6+ Kh7 42. Qxf5+ Kh8 43. Qxe5+ Kh7 44. Qe7+ Kh8 45. Qf8+ Kh7
46. Qf7+ Kh8 47. Qe8+ Kh7 48. Qe7+ Kh8 49. Qf8+ Kh7 50. Qf7+ Kh8 51. Qf6+ Kh7
52. Qg5 Nxg2 53. Qf5+ 1-0

[Event "XXVIII Torneo B di Capodanno"]
[Site "Reggio nell'Emilia ITA"]
[Date "1986.01.06"]
[Round "11"]
[White "Maier, Christian"]
[Black "Antunes, Antonio"]
[Result "0-1"]
[WhiteElo "2295"]
[BlackElo "2465"]
[PlyCount "90"]
[EventDate "1985.12.27"]

1. e4 c6 2. d4 d5 3. e5 Bf5 4. Nc3 Qb6 5. Bd3 Bxd3 6. Qxd3 e6 7. Nge2 Qa6 8.
Qh3 c5 9. O-O Nc6 10. Be3 cxd4 11. Nxd4 Nxd4 12. Bxd4 Ne7 13. Bc5 Qc4 14. Ba3
Rc8 15. Qd3 a6 16. Rfc1 Ng6 17. Bxf8 Kxf8 18. Re1 h5 19. a4 h4 20. Qf3 Qf4 21.
Qxf4 Nxf4 22. Ne2 Ng6 23. Nd4 Rh5 24. f4 Nxf4 25. Rf1 g5 26. g3 hxg3 27. hxg3
Nh3+ 28. Kg2 Ke7 29. Kf3 g4+ 30. Kxg4 Rch8 31. Nf3 Rf5 32. Ra3 f6 33. exf6+
Rxf6 34. Ne5 Rg8+ 35. Kxh3 Rxf1 36. Rb3 Kd6 37. Kg2 Rf5 38. Nd3 e5 39. a5 d4
40. Nf2 Rg7 41. c4 Kc5 42. Rb6 Kxc4 43. Ne4 Kd3 44. Nc5+ Ke2 45. Rb3 Rf2+ 0-1

[Event "XXVIII Torneo B di Capodanno"]
[Site "Reggio nell'Emilia ITA"]
[Date "1986.01.06"]
[Round "11"]
[White "Mantovani, Renzo"]
[Black "Martorelli, Antonio"]
[Result "1-0"]
[WhiteElo "2300"]
[BlackElo "2315"]
[PlyCount "71"]
[EventDate "1985.12.27"]

1. e4 c5 2. Nf3 e6 3. d4 cxd4 4. Nxd4 a6 5. Nc3 Qc7 6. g3 Nf6 7. Bg2 Be7 8. O-O
O-O 9. Re1 d6 10. Qe2 Nc6 11. Nxc6 bxc6 12. e5 dxe5 13. Qxe5 Bd6 14. Qe2 Rb8
15. b3 c5 16. Na4 c4 17. Bb2 Bd7 18. Bxf6 gxf6 19. Nb2 Be5 20. Rab1 cxb3 21.
cxb3 Bb5 22. Qg4+ Kh8 23. Rec1 Qa5 24. a4 Bxb2 25. Rxb2 Bxa4 26. Ra2 Rb4 27.
Qd1 Rd8 28. Qe1 Qb5 29. bxa4 Qb8 30. a5 Qd6 31. Rac2 Rd4 32. Rc6 Qa3 33. Rxa6
Qa4 34. Ra8 Qe8 35. Rxd8 Qxd8 36. Ra1 1-0

[Event "XXVIII Torneo B di Capodanno"]
[Site "Reggio nell'Emilia ITA"]
[Date "1986.01.06"]
[Round "11"]
[White "Messa, Roberto"]
[Black "Costa, Jean-Luc"]
[Result "0-1"]
[WhiteElo "2385"]
[BlackElo "2275"]
[PlyCount "56"]
[EventDate "1985.12.27"]

1. e4 c5 2. Nf3 e6 3. d4 cxd4 4. c3 dxc3 5. Nxc3 a6 6. Bc4 b5 7. Bb3 Bb7 8. O-O
b4 9. Na4 Bxe4 10. Ng5 Bc6 11. Re1 Be7 12. Qh5 g6 13. Qg4 Nf6 14. Qh3 Qa5 15.
Nxf7 Kxf7 16. Bxe6+ Ke8 17. b3 dxe6 18. Qxe6 Ra7 19. Re5 Nd5 20. Bg5 Rf8 21.
Rae1 Rf7 22. Nc5 Qd8 23. Ne4 Kf8 24. Bh6+ Kg8 25. Ng5 Bxg5 26. Rxd5 Bxd5 27.
Qxd5 Rad7 28. Qxg5 Rd1 0-1

[Event "XXVIII Torneo B di Capodanno"]
[Site "Reggio nell'Emilia ITA"]
[Date "1986.01.06"]
[Round "11"]
[White "Meyer, Claus Dieter"]
[Black "Popovych, Orest"]
[Result "0-1"]
[WhiteElo "2335"]
[BlackElo "2325"]
[PlyCount "109"]
[EventDate "1985.12.27"]

1. e4 c5 2. Nc3 Nc6 3. Nge2 e5 4. Nd5 d6 5. Nec3 Nge7 6. Bc4 Nxd5 7. Nxd5 Be6
8. O-O Be7 9. d3 O-O 10. c3 Rb8 11. a4 Bg5 12. Be3 Bxe3 13. Nxe3 Qg5 14. Qf3
Ne7 15. g3 Bh3 16. Rfe1 h5 17. Nd5 Nxd5 18. Bxd5 b6 19. Qe3 Qxe3 20. Rxe3 g6
21. f4 Kg7 22. fxe5 dxe5 23. Re2 Rh8 24. Rf2 f6 25. a5 b5 26. Rc1 h4 27. Rf3
Bg4 28. Re3 hxg3 29. Rxg3 Rh4 30. Rc2 Bh3 31. Rf2 Rbh8 32. Rgf3 Rg4+ 33. Rg3
Rf4 34. Rff3 Rxf3 35. Rxf3 Bd7 36. Kg2 Rb8 37. Rf2 b4 38. Rc2 bxc3 39. bxc3 Kf8
40. d4 cxd4 41. cxd4 exd4 42. Rc7 Rb2+ 43. Kg3 Ke8 44. Bc6 Bxc6 45. Rxc6 Ke7
46. Ra6 d3 47. Kf3 Rxh2 48. Ke3 d2 49. Rxa7+ Ke6 50. Ra6+ Ke5 51. Ra8 d1=N+ 52.
Kf3 Rf2+ 53. Kg3 Kxe4 54. Re8+ Kf5 55. Rd8 0-1

[Event "XXVIII Torneo B di Capodanno"]
[Site "Reggio nell'Emilia ITA"]
[Date "1986.01.07"]
[Round "12"]
[White "Antunes, Antonio"]
[Black "Mantovani, Renzo"]
[Result "1-0"]
[WhiteElo "2465"]
[BlackElo "2300"]
[PlyCount "101"]
[EventDate "1985.12.27"]

1. e4 e5 2. Nf3 Nc6 3. Bb5 g6 4. c3 d6 5. d4 Bd7 6. O-O Bg7 7. dxe5 dxe5 8. Qb3
Na5 9. Bxd7+ Qxd7 10. Qa3 Nc4 11. Qc5 Qc6 12. Qxc6+ bxc6 13. Nbd2 Nd6 14. Re1
f6 15. Nb3 Bh6 16. Bxh6 Nxh6 17. Na5 c5 18. Nd2 Rb8 19. b3 Nhf7 20. Kf1 Kd7 21.
Ke2 Ke6 22. f3 Rb5 23. Nac4 Nxc4 24. Nxc4 Nd6 25. Kd3 Rd8 26. Rad1 Rbb8 27. Nb2
Nb5+ 28. Kc2 Na3+ 29. Kc1 c4 30. Nxc4 Nxc4 31. bxc4 Rd6 32. Rxd6+ cxd6 33. Kc2
Rb6 34. a4 Kd7 35. Rd1 Kc6 36. Rd5 a6 37. Ra5 h6 38. g4 h5 39. gxh5 gxh5 40. h4
Rb8 41. Rxa6+ Kc5 42. Ra7 f5 43. a5 Kc6 44. exf5 Rf8 45. Rh7 Rxf5 46. a6 Rf8
47. a7 Ra8 48. Kd3 Kc5 49. Rb7 Kc6 50. Rh7 Kc5 51. Ke4 1-0

[Event "XXVIII Torneo B di Capodanno"]
[Site "Reggio nell'Emilia ITA"]
[Date "1986.01.07"]
[Round "12"]
[White "Belotti, Bruno"]
[Black "Bukal, Vladimir sr"]
[Result "0-1"]
[WhiteElo "2355"]
[BlackElo "2455"]
[PlyCount "86"]
[EventDate "1985.12.27"]

1. Nf3 Nf6 2. g3 d5 3. Bg2 c6 4. O-O Bg4 5. d3 Nbd7 6. Nbd2 e5 7. e4 Bd6 8. h3
Bh5 9. Qe2 O-O 10. Re1 Re8 11. c3 a5 12. g4 Bg6 13. Nh4 dxe4 14. dxe4 Nc5 15.
Nf5 Bf8 16. Nf1 Nd3 17. Rd1 Nxc1 18. Raxc1 Qc7 19. N1g3 Nd7 20. h4 f6 21. Nh5
Nc5 22. Nhg3 Ne6 23. Bf1 Nf4 24. Qf3 Bf7 25. c4 g6 26. Ne3 Bc5 27. Ne2 Be6 28.
Nxf4 exf4 29. Nc2 g5 30. Nd4 Bxd4 31. Rxd4 Qe5 32. Rcd1 gxh4 33. Be2 Kh8 34.
Qh1 Qg5 35. f3 h5 36. Kf2 hxg4 37. fxg4 Rg8 38. R4d3 Kg7 39. Rh3 Rh8 40. Qf3
Rad8 41. Rdh1 Bxc4 42. Qa3 Rd2 43. Qe7+ Kg6 0-1

[Event "XXVIII Torneo B di Capodanno"]
[Site "Reggio nell'Emilia ITA"]
[Date "1986.01.07"]
[Round "12"]
[White "Costa, Jean-Luc"]
[Black "Grinza, Andrea"]
[Result "1/2-1/2"]
[WhiteElo "2275"]
[BlackElo "2295"]
[PlyCount "111"]
[EventDate "1985.12.27"]

1. c4 Nf6 2. Nf3 c5 3. Nc3 e6 4. g3 b6 5. Bg2 Bb7 6. O-O Be7 7. d4 cxd4 8. Qxd4
Nc6 9. Qf4 Nh5 10. Qd2 d6 11. b3 O-O 12. Rd1 Nf6 13. Bb2 Qb8 14. Qf4 Rd8 15.
Rd2 d5 16. cxd5 Qxf4 17. gxf4 Nxd5 18. Nxd5 Rxd5 19. Rxd5 exd5 20. Rc1 Bc5 21.
Ne5 Ne7 22. Rd1 f6 23. Nf3 Bc8 24. Ne1 Bg4 25. Kf1 Rd8 26. Nc2 Be6 27. e4 b5
28. Ne3 Bxe3 29. fxe3 a5 30. Ke1 Rd7 31. Ba3 b4 32. Bb2 dxe4 33. Rxd7 Bxd7 34.
Bxe4 Bf5 35. Bxf5 Nxf5 36. Ke2 Kf7 37. Kd3 Ke6 38. e4 Nd6 39. Bd4 g5 40. f5+
Ke7 41. Bb6 Nb7 42. Kd4 Kd6 43. Ba7 h5 44. Bb8+ Ke7 45. Kd5 g4 46. Bg3 Nd8 47.
Kc5 Nf7 48. Bc7 h4 49. Kd4 g3 50. Ke3 g2 51. Kf2 h3 52. Bxa5 Ng5 53. Bb6 Nxe4+
54. Kf3 Nc3 55. Kg3 Ne2+ 56. Kf3 1/2-1/2

[Event "XXVIII Torneo B di Capodanno"]
[Site "Reggio nell'Emilia ITA"]
[Date "1986.01.07"]
[Round "12"]
[White "Martorelli, Antonio"]
[Black "Messa, Roberto"]
[Result "0-1"]
[WhiteElo "2315"]
[BlackElo "2385"]
[PlyCount "108"]
[EventDate "1985.12.27"]

1. e4 e6 2. d4 d5 3. Nc3 Bb4 4. e5 Ne7 5. Qg4 Nf5 6. Nf3 Nc6 7. a3 Be7 8. h4 h5
9. Qf4 f6 10. Nb5 O-O 11. exf6 Bxf6 12. Qxc7 Nfxd4 13. Nfxd4 Bxd4 14. f3 Qxc7
15. Nxc7 Rb8 16. Nb5 Be5 17. Bd3 Bg3+ 18. Kd1 e5 19. Bg5 e4 20. fxe4 Bg4+ 21.
Kc1 d4 22. a4 Rf2 23. Ra3 Be5 24. Bc4+ Kh7 25. Rd3 Rxg2 26. Rd2 Rxd2 27. Kxd2
Rf8 28. Rf1 Rxf1 29. Bxf1 Kg6 30. c3 dxc3+ 31. bxc3 a6 32. Na3 Bf6 33. Bxf6
Kxf6 34. Nc4 g5 35. hxg5+ Kxg5 36. Ke3 Bd1 37. Nd6 Na5 38. Kd4 Nb3+ 39. Ke3 Na5
40. Kd4 Bxa4 41. Kc5 Nb3+ 42. Kb4 Nd2 43. Bh3 Bc6 44. e5 Nf3 45. e6 Kf6 46. Nf5
Ng5 47. Ng3 Nxh3 48. Nxh5+ Kxe6 49. Kc5 Kf5 50. Ng7+ Kf6 51. Nh5+ Kg6 52. Ng3
Kg5 53. Ne2 Nf4 54. Nd4 Be4 0-1

[Event "XXVIII Torneo B di Capodanno"]
[Site "Reggio nell'Emilia ITA"]
[Date "1986.01.07"]
[Round "12"]
[White "Meyer, Claus Dieter"]
[Black "De Boer, Gert-Jan"]
[Result "0-1"]
[WhiteElo "2335"]
[BlackElo "2410"]
[PlyCount "102"]
[EventDate "1985.12.27"]

1. Nf3 Nf6 2. g3 d5 3. Bg2 c6 4. b3 Bg4 5. Ba3 Nbd7 6. O-O e6 7. Bxf8 Nxf8 8.
d3 N8d7 9. c4 a5 10. Nbd2 O-O 11. Qc2 b5 12. Rac1 Qb8 13. Rfe1 Rc8 14. e4 dxc4
15. dxc4 e5 16. Bf1 Nc5 17. cxb5 cxb5 18. Qb2 Nfd7 19. h3 Be6 20. Ng5 Qb6 21.
Ndf3 f6 22. Nxe6 Nxe6 23. a3 Rxc1 24. Rxc1 Ndc5 25. Qc2 b4 26. a4 Rc8 27. Bc4
Kf8 28. Rd1 Rc7 29. Qe2 Rd7 30. Rd5 Rxd5 31. exd5 Nd8 32. Nd2 g6 33. Qe3 Nf7
34. Ne4 Nd7 35. Qxb6 Nxb6 36. Nxf6 Nxc4 37. bxc4 b3 38. Ne4 b2 39. Nd2 Nd6 40.
Kf1 Nxc4 41. Nb1 Ke7 42. Ke2 Kd6 43. Kd3 Kxd5 44. Kc3 Nb6 45. Kxb2 Nxa4+ 46.
Kc2 Nc5 47. f3 Kd4 48. Kd2 a4 49. Nc3 Kc4 50. Kc2 Kd4 51. Kd2 e4 0-1

[Event "XXVIII Torneo B di Capodanno"]
[Site "Reggio nell'Emilia ITA"]
[Date "1986.01.07"]
[Round "12"]
[White "Sartori, Spartaco"]
[Black "Maier, Christian"]
[Result "0-1"]
[WhiteElo "2330"]
[BlackElo "2295"]
[PlyCount "90"]
[EventDate "1985.12.27"]

1. d4 g6 2. c3 Bg7 3. Bg5 d6 4. Nd2 a5 5. e4 c6 6. Ngf3 Nd7 7. Be2 a4 8. O-O
Qc7 9. Re1 Nb6 10. h3 f6 11. Bh4 Nh6 12. e5 fxe5 13. dxe5 d5 14. c4 O-O 15. c5
Nd7 16. Bxe7 Re8 17. Bd6 Qa5 18. Rc1 Nf7 19. Nc4 dxc4 20. Bxc4 Nf8 21. Ng5 Ne6
22. Nxf7 Kxf7 23. f4 b5 24. Bd3 Nf8 25. Qf3 Bd7 26. g4 Kg8 27. Qg3 Be6 28. Be4
Rac8 29. a3 Bf7 30. Qg2 Qa6 31. Bf3 Bh6 32. Qg3 Qa5 33. Rcd1 Bb3 34. Rb1 Ne6
35. f5 Bf4 36. Qh4 Ng5 37. Bg2 Rcd8 38. e6 Qd2 39. Bxf4 Qxf4 40. Rf1 Qe3+ 41.
Kh1 Ne4 42. Rf3 Qg5 43. Qe1 Nd2 44. Re3 Nxb1 45. Re5 Rd1 0-1

[Event "XXVIII Torneo B di Capodanno"]
[Site "Reggio nell'Emilia ITA"]
[Date "1986.01.08"]
[Round "13"]
[White "Bukal, Vladimir sr"]
[Black "Costa, Jean-Luc"]
[Result "1-0"]
[WhiteElo "2455"]
[BlackElo "2275"]
[PlyCount "151"]
[EventDate "1985.12.27"]

1. c4 c5 2. Nc3 b6 3. e4 Bb7 4. g3 Nf6 5. Bg2 d6 6. Nge2 g6 7. d4 cxd4 8. Nxd4
Nbd7 9. O-O Qc8 10. b3 Bg7 11. Bb2 O-O 12. Rc1 a6 13. Qd2 e6 14. f4 Qc7 15. h3
Rfe8 16. Nde2 Rad8 17. g4 h6 18. Ng3 Qb8 19. Rcd1 Qa8 20. Qe2 Nc5 21. b4 Ncd7
22. a3 Qb8 23. h4 g5 24. fxg5 hxg5 25. hxg5 Nh7 26. Nh5 Be5 27. Qd2 Qc7 28. Rf3
Rc8 29. Nf6+ Kg7 30. Nxe8+ Rxe8 31. Rdf1 Rf8 32. Rh3 Kg8 33. Rh6 Bg7 34. g6
fxg6 35. Rxg6 Rxf1+ 36. Bxf1 Ne5 37. Rxg7+ Qxg7 38. Qxd6 Qxg4+ 39. Bg2 Ng5 40.
Qb8+ Kf7 41. Qxb7+ Kg6 42. Qc8 Qg3 43. Qe8+ Kh6 44. Kf1 Nd3 45. Ke2 Nf4+ 46.
Kd1 Nxg2 47. Kc2 Ne1+ 48. Kb3 Nd3 49. Qd8 Kh5 50. Qxb6 Nxe4 51. Qd4 Nd2+ 52.
Kc2 Nxb2 53. Kxd2 e5 54. Qe4 Qf4+ 55. Qxf4 exf4 56. c5 Kg4 57. c6 Nc4+ 58. Ke2
Kf5 59. c7 Nb6 60. Na4 Nc8 61. Nc5 Ke5 62. Nxa6 Kd5 63. Kf3 Kc6 64. Kxf4 Kb6
65. Nc5 Kxc7 66. Ke5 Kc6 67. a4 Nd6 68. Nd3 Nc4+ 69. Kd4 Nb6 70. Ne5+ Kc7 71.
a5 Nc8 72. Nf7 Kc6 73. Kc4 Na7 74. b5+ Kb7 75. Kc5 Ka8 76. Nd6 1-0

[Event "XXVIII Torneo B di Capodanno"]
[Site "Reggio nell'Emilia ITA"]
[Date "1986.01.08"]
[Round "13"]
[White "De Boer, Gert-Jan"]
[Black "Popovych, Orest"]
[Result "1/2-1/2"]
[WhiteElo "2410"]
[BlackElo "2325"]
[PlyCount "22"]
[EventDate "1985.12.27"]

1. d4 Nf6 2. c4 g6 3. Nc3 Bg7 4. e4 d6 5. Be2 O-O 6. Nf3 e5 7. dxe5 dxe5 8.
Qxd8 Rxd8 9. Nd5 Nxd5 10. cxd5 c6 11. Bc4 b5 1/2-1/2

[Event "XXVIII Torneo B di Capodanno"]
[Site "Reggio nell'Emilia ITA"]
[Date "1986.01.08"]
[Round "13"]
[White "Maier, Christian"]
[Black "Meyer, Claus Dieter"]
[Result "0-1"]
[WhiteElo "2295"]
[BlackElo "2335"]
[PlyCount "82"]
[EventDate "1985.12.27"]

1. d4 Nf6 2. Nc3 d5 3. e4 Nxe4 4. Nxe4 dxe4 5. Bc4 e6 6. Be3 c6 7. Nh3 Nd7 8.
c3 Nf6 9. Qc2 Be7 10. O-O Qc7 11. Bf4 Bd6 12. Bg3 h6 13. Rae1 Bd7 14. b4 O-O-O
15. f4 exf3 16. Rxf3 Bxg3 17. Rxg3 Ne8 18. Nf2 Nd6 19. Bd3 g5 20. Rge3 f5 21.
c4 f4 22. Re5 Kb8 23. Qb2 Rhf8 24. a4 Bc8 25. b5 cxb5 26. c5 Nc4 27. Bxc4 bxc4
28. Ne4 Qa5 29. Nd6 Qxa4 30. Rb1 Rxd6 31. cxd6 Rd8 32. Rc5 Qa6 33. d5 exd5 34.
Rxd5 Bd7 35. Qf6 Rc8 36. Qxh6 c3 37. Qxg5 c2 38. Rc1 Qb6+ 39. Kf1 Qe3 40. Rdd1
cxd1=Q+ 41. Rxd1 Rc2 0-1

[Event "XXVIII Torneo B di Capodanno"]
[Site "Reggio nell'Emilia ITA"]
[Date "1986.01.08"]
[Round "13"]
[White "Mantovani, Renzo"]
[Black "Sartori, Spartaco"]
[Result "1/2-1/2"]
[WhiteElo "2300"]
[BlackElo "2330"]
[PlyCount "20"]
[EventDate "1985.12.27"]

1. e4 e6 2. d4 d5 3. exd5 exd5 4. Nf3 Bd6 5. Bd3 Bg4 6. O-O Ne7 7. h3 Bh5 8.
Bg5 Nbc6 9. c3 Qd7 10. Nbd2 f6 1/2-1/2